Countries bordering Indian Ocean in Order - Statistics

General Stats
  • This quiz has been taken 56 times
    26 since last reset
  • The average score is 24 of 29
Answer Stats
Answer % Correct
Mozambique
100%
South Africa
100%
Djibouti
92%
Eritrea
92%
Kenya
92%
Somalia
92%
Tanzania
92%
Egypt
88%
Israel
88%
Jordan
88%
Oman
(Arabian Sea)
88%
Saudi Arabia
(Red Sea)
88%
Sudan
88%
United Arab Emirates
(Gulf of Oman)
88%
Yemen
88%
Bangladesh
76%
India
76%
Iran
76%
Iraq
76%
Kuwait
76%
Malaysia
76%
Myanmar
76%
Pakistan
76%
Qatar
76%
Thailand
76%
Oman
(Musandam)
72%
Saudi Arabia
(Khor Duweihin)
72%
Saudi Arabia
(Persian Gulf)
72%
United Arab Emirates
(Persian Gulf)
72%
No matching quizzes found
Score Distribution
Percent of People with Each Score
Percentile by Number Answered
Your Score History
You have not taken this quiz since the last reset